Missing Word: Presidential Campaign Slogan Quiz Stats

 Plays Quiz Updated Jan 20, 2017

Support Sporcle.
Go Orange.
Score 0/20 Timer 02:00
0 Plays Today
Slogan Missing Word % Correct
Yes we ____Can
98.8%
I Like ____Ike
70.6%
Better a ____ term than a third-raterThird
63.8%
Leave no ____ behindChild
62.5%
He kept us out of ____War
61.9%
All the ____ with LBJWay
58%
Are you better ____ than you were four years ago?Off
51.8%
Make America ____ AgainGreat
50.5%
____ to normalcyReturn
45.5%
A ____ in every pot and a car in every garageChicken
43.6%
Slogan Missing Word % Correct
It's the ____, stupid.Economy
31.2%
Don't swap horses in ____Midstream
18.2%
____ honor and dignity to the White HouseRestore
16.1%
A leader, for a ____Change
12.7%
Not just ____Peanuts
12.3%
____ Again in AmericaMorning
11.3%
I ____ a New DealPropose
10.3%
____ as you shotVote
8.7%
We ____ you in '44, We shall (last name) you in '52Polked
6%
____ it on 'em, Harry!Pour
2.3%

Today's Daily Dose

Missing Word
FPS Games (A-Z)

Quick Pick
Cartoon Lions

Get the Picture
5, 6, 7, or 8 Movies

You're not logged in!

Compare scores with friends on all Sporcle quizzes.
OR
Log In
Forgot?

From the Vault

25 Years of Television Beginnings

by qlh27

A lot of things change in 25 years, but we still see the same character types on every sitcom.
Remove Ads.
Support Sporcle.
Get the best of Sporcle when you Go Orange. This ad-free experience offers more features, more stats, and more fun while also helping to support Sporcle. Thank you for becoming a member.

Show Comments

Extras

Top Quizzes Today


Score Distribution

Your Account Isn't Verified!

In order to create a playlist on Sporcle, you need to verify the email address you used during registration. Go to your Sporcle Settings to finish the process.

Report this User

Report this user for behavior that violates our Community Guidelines.

Details: